000 00380cam a2200157ua 4500
003 OSt
008 250506b |||||||| |||| 00| 0 eng d
041 _aeng
082 _a624.154
_bCHE/PI
100 _aChellis, Robert D.
_97465
245 _aPile foundation /
250 _a2 /
260 _aNew York :
_bMcGraw Hill Book Company ,
_c1961.
300 _a704 ; .
942 _cBK
999 _c7577
_d7577